000 00295nam a22001337a 4500
008 180608b xxu||||| |||| 00| 0 eng d
020 _a9789995666835
041 _aeng
080 _a070
100 _a40
101 _aMK
245 _aInstrumentat e komunikimit
_cMarshall,M
942 _2udc
_cBK
999 _c46613
_d46613